Statistics for African Countries With Few Borders - One Minute Sprint

Click here to take the quiz!

General Stats

  • This quiz has been taken 65 times
  • The average score is 10 of 13

Answer Stats

Answer% Correct
Madagascar
97%
Lesotho
95%
Cabo Verde
88%
São Tomé and Príncipe
88%
Seychelles
88%
Swaziland
88%
Tunisia
88%
Comoros
86%
Gambia
84%
Mauritius
78%
Equatorial Guinea
53%
Guinea-Bissau
50%
Sierra Leone
33%

Score Distribution

Percentile by Number Answered

Percent of People with Each Score

Your Score History

You have not taken this quiz